[Event "SCC Swiss"]
[Site "?"]
[Date "1992.06.12"]
[Round "?"]
[White "Bailey, B."]
[Black "Bloom, C."]
[Result "1-0"]
[WhiteElo "1812"]
[BlackElo "1606"]
[Annotator "Stockfish 14 (15s)"]
[PlyCount "63"]

{C02: French: Advance Variation} 1. e4 e6 2. d4 d5 3. e5 c5 4. c3 Nc6 5. Nf3
Bd7 6. Be2 Qb6 7. O-O c4 (7... O-O-O 8. dxc5 Bxc5 9. b4 Be7 10. b5 Na5 11. Be3
Bc5 12. Bxc5 Qxc5 13. Qd4 b6 14. Qxc5+ bxc5 15. Nbd2 c4 16. Nd4 Ne7 17. f4 g6
18. N2f3 Kc7 19. Rab1 h6 20. g4 Rb8 21. Kg2 Rb6 22. Rb4 {
Vetemaa,J (2385)-Riipinen,J (2120) Helsinki 1993 1-0 (39)}) 8. Qc2 (8. Kh1 Na5
9. Ng1 f6 10. exf6 Nxf6 11. f4 Bd6 12. Nf3 O-O 13. Ne5 Bxe5 14. fxe5 Ne4 15.
Bf3 Be8 16. Bxe4 Rxf1+ 17. Qxf1 dxe4 18. Nd2 Qc6 19. Qe2 Bg6 20. Nf1 Rf8 21.
Ng3 Qa4 22. Be3 Nb3 {Matthis,P (1786)-Ruebsamen,D (1860) Frankfurt 2006 1-0})
8... Nge7 9. Bg5 $146 (9. Nh4 Nf5 10. Nxf5 exf5 11. Bf3 Be6 12. Be3 Be7 13. g3
O-O 14. Bg2 Qc7 15. Nd2 b5 16. b4 a5 17. a3 a4 18. Nf3 h6 19. h4 Qd7 20. Kh2
Bd8 21. Rh1 Ne7 22. h5 f4 23. Bxf4 Bf5 {King,A-Walker,G London 2000 1-0}) (9.
Nbd2 $142 $5 Qd8 10. b3 $16) 9... h6 10. Bxe7 (10. Bf4 $5 $14) 10... Bxe7 $11 (
10... Nxe7 $143 11. b3 cxb3 12. axb3 $16) 11. Nbd2 (11. b3 $142 cxb3 12. axb3
$11) 11... O-O-O $4 (11... Qc7 $142 12. a4 O-O $15) 12. Rfb1 (12. b3 cxb3 13.
axb3 Kb8 $18) 12... f6 (12... Qc7 $16) 13. b3 $4 (13. exf6 gxf6 14. b3 cxb3 15.
axb3 Qc7 $18) 13... Qc7 $2 (13... fxe5 $142 14. bxc4 Qc7 15. Nxe5 Nxe5 16. dxe5
Qxe5 $14) 14. exf6 $18 gxf6 (14... cxb3 15. axb3 gxf6 16. Qa2 $18) 15. bxc4
dxc4 (15... Kb8 16. Rb2 $18) 16. Nxc4 Be8 (16... Kb8 17. Rb2 Na5 18. Nxa5 Qxa5
$18) 17. Qe4 Bf7 18. Rb2 e5 (18... Rd7 19. Nfd2 Rg8 20. Bf3 $18) 19. Qf5+ (19.
Rab1 Bd5 20. Qf5+ Qd7 $18) 19... Kb8 (19... Qd7 20. Qc2 $18) 20. Rab1 b6 (20...
Bxc4 21. Rxb7+ Qxb7 22. Rxb7+ Kxb7 23. Bxc4 Rd6 24. dxe5 fxe5 25. Nxe5 Rhd8 $18
) 21. Nxb6 $1 axb6 (21... Nb4 22. Na4 Bd5 23. Nc5 $18) 22. Rxb6+ Ka8 (22...
Qxb6 23. Rxb6+ Kc7 24. Rxc6+ Kxc6 25. Nxe5+ fxe5 26. Qxf7 $18) 23. Ra6+ Na7 24.
Nxe5 $1 Bd5 (24... fxe5 25. Qxf7 {Deflection Pinning}) 25. Nd3 (25. Nc4 Bb7 26.
Bf3 Bb4 27. Rxb4 Rhe8 28. g3 Re1+ 29. Kg2 Re7 30. Na5 Kb8 31. Bxb7 Qd6 32. Rxa7
Kxa7 33. Nc6+ Qxc6+ 34. Bxc6 Re5 35. Qb1 Rb5 36. Rxb5 Ka6 37. Ra5+ Kxa5 38.
Qb5#) 25... Rhg8 (25... Qc8 26. Qxc8+ Rxc8 $18) 26. Nf4 Bb7 27. Rab6 Rb8 (27...
Rg5 28. Qd3 Rd6 29. Rxb7 Qxb7 30. Rxb7 Kxb7 31. g3 $18) 28. Qe6 (28. Nd5 $142
Qc8 29. Ba6 Rxg2+ (29... Qxf5 $4 30. Nc7#) 30. Kh1 Rg5 (30... Qxf5 31. Nc7#)
31. Rxb7 Rxb7 (31... Rxf5 $4 32. Nb6#) 32. Qxc8+ Nxc8 33. Bxb7+ Ka7 34. Bxc8
Rxd5 35. Rb7+ Ka6 36. Rxe7+ Kb6 $18) 28... Qxf4 (28... Rg7 29. Ba6 Bd8 30. Rxb7
Rxb7 31. Bxb7+ Qxb7 32. Rxb7 Rxb7 $18) 29. Rxb7 Rxg2+ 30. Kxg2 Qg5+ 31. Kh1
Rxb7 (31... Qc1+ 32. Rxc1 Rxb7 33. Bf3 Kb8 34. Bxb7 f5 35. Rb1 Bb4 36. Rxb4 Nb5
37. Qc8+ Ka7 38. Rxb5 f4 39. Qa8#) 32. Bf3 (32. Bf3 Qc1+ 33. Rxc1 Kb8 34. Bxb7
f5 35. Rb1 Bb4 36. Rxb4 Nb5 37. Rxb5 f4 38. Qc8+ Ka7 39. Qa8#) 1-0

[Event "SCC Swiss"]
[Site "?"]
[Date "1992.06.19"]
[Round "?"]
[White "Lyons, W."]
[Black "Bailey, B."]
[Result "1/2-1/2"]
[WhiteElo "1782"]
[BlackElo "1897"]
[Annotator "Stockfish 14 (15s)"]
[PlyCount "68"]

{A03: Bird's Opening with 1...d5} 1. f4 d5 2. Nf3 Nf6 3. g3 g6 4. Bg2 Bg7 5.
O-O O-O 6. d3 Re8 (6... Qd6 7. Nc3 Nc6 8. e4 dxe4 9. dxe4 Bg4 10. e5 Qc5+ 11.
Kh1 Rad8 12. Qe2 Nd5 13. Ne4 Qb6 14. c3 f6 15. h3 Bxf3 16. Bxf3 Nb8 17. c4 Nb4
18. Be3 Qe6 19. Kh2 b6 20. a3 N4a6 21. h4 {
Fiorito,F (2455)-Sorokin,M (2520) San Martin 1994 1-0 (34)}) 7. c3 Nbd7 (7...
c5 8. Qe1 Nc6 9. Qf2 Qd6 10. h3 d4 11. cxd4 cxd4 12. Na3 Nd7 13. Nb5 Qb8 14. f5
gxf5 15. Nfxd4 Nxd4 16. Nxd4 Bxd4 17. Qxd4 Qe5 18. Qxe5 Nxe5 19. Be3 a5 20.
Rac1 Ra6 21. Rc7 Nc6 22. Rc1 {Blosze,E (2245)-Lechner,M Bayern 2000 1-0 (47)})
8. Ne5 c6 9. Qe1 $146 (9. e4 dxe4 10. Nxd7 Bxd7 11. dxe4 Qb6+ 12. Kh1 Rad8 13.
Qc2 Be6 14. Na3 Qc5 15. Qe2 Bg4 16. Qe3 Qa5 17. Nc4 Qa6 18. Ne5 Be6 19. Qf2 Qa4
20. Qe1 Ng4 21. Nxg4 Bxg4 22. Be3 Rd3 23. Qf2 Bh3 {
Kazak,M-Paridar,S (2015) Cannes 1997 0-1 (48)}) (9. Qb3 Nc5 10. Qc2 Ncd7 $15)
9... Qc7 (9... Nxe5 10. fxe5 Nd7 11. e6 fxe6 12. Nd2 $17) 10. Nxd7 (10. d4 $5
$17) 10... Bxd7 11. e4 dxe4 12. dxe4 e6 $4 (12... e5 $142 13. f5 gxf5 14. exf5
Qb6+ 15. Be3 Qxb2 $17) 13. Nd2 Rad8 14. Qf2 (14. e5 Nd5 15. Ne4 c5 $14) 14...
b6 (14... e5 15. Nc4 Ng4 16. Qe2 $15) 15. Nc4 (15. e5 Nd5 $14) 15... b5 (15...
Bf8 $142 $5 $11) 16. Ne5 $16 Bc8 17. Be3 Nd7 18. Nxd7 (18. Bxa7 $2 Bxe5 19.
fxe5 c5 20. Qxf7+ Kh8 $19) 18... Rxd7 19. Rad1 Red8 20. Bf3 (20. Rxd7 Rxd7 21.
h4 Bh6 $14) 20... Rxd1 21. Bxd1 (21. Rxd1 e5 $11) 21... Rd7 (21... Bf8 22. b4 (
22. Bxa7 $4 c5 $19) 22... c5 23. Bxc5 Bxc5 24. Qxc5 Qxc5+ 25. bxc5 $11) 22. e5
(22. Be2 Qa5 23. a3 Qa4 $14) 22... Bf8 $11 23. b4 (23. Be2 Bb7 $11) 23... a6 (
23... c5 $5 24. Bxc5 Rd3 $15) 24. Bf3 Bb7 25. Bb6 Qc8 26. Rd1 Rxd1+ 27. Bxd1
Qd7 (27... c5 28. Bxc5 Qc6 29. Kf1 Bxc5 30. bxc5 $11) 28. Bf3 (28. Qd4 Qc8 29.
Qd8 Qxd8 30. Bxd8 c5 $16) 28... Kg7 (28... Qd3 29. Qe3 Qb1+ 30. Kg2 Qxa2+ 31.
Kh3 $11) 29. Bd4 (29. Qd4 Qxd4+ 30. Bxd4 $14 (30. cxd4 $6 Bxb4 31. Bc5 Ba5 $11)
) 29... Kg8 30. Qg2 (30. Kg2 $142 $5 $11) 30... Bxb4 $17 31. cxb4 (31. Qf2 c5
32. Bxb7 Ba5 $17) 31... Qxd4+ 32. Qf2 Qd7 $4 (32... Qxb4 $142 33. Qa7 Qe1+ 34.
Kg2 Qd2+ 35. Kh3 Qd3 $19) 33. Qc5 {Attacking the backward pawn on c6} Kg7 34.
Kg2 Kg8 1/2-1/2

[Event "SCC Swiss"]
[Site "?"]
[Date "1992.07.17"]
[Round "?"]
[White "Ruff, L."]
[Black "Bailey, B."]
[Result "0-1"]
[WhiteElo "1060"]
[BlackElo "1897"]
[Annotator "Stockfish 14 (15s)"]
[PlyCount "102"]

{C45: Scotch Game} 1. e4 e5 2. Nf3 Nc6 3. d4 exd4 4. Nxd4 Bc5 5. Be3 d6 6. Na3
$146 (6. Bb5 Bd7 7. Nxc6 Bxc6 8. Bxc6+ bxc6 9. Bxc5 dxc5 10. O-O Qxd1 11. Rxd1
Nf6 12. Nc3 Rb8 13. b3 Rb4 14. a3 Rd4 15. f3 Nd7 16. Ne2 Rd6 17. b4 O-O 18. c3
Re8 19. Nf4 h6 20. Rxd6 cxd6 {Van Beek,A-Hoogboom,M Hengelo 1992 1/2-1/2 (62)})
(6. c3 Nf6 7. Nxc6 bxc6 8. Bxc5 dxc5 9. Qxd8+ Kxd8 10. Nd2 Re8 11. O-O-O Ke7
12. h3 Kf8 13. f3 Bd7 14. g4 h6 15. Bc4 Be6 16. Bxe6 Rxe6 17. h4 Ree8 18. g5
Nh5 19. Nb3 Re5 20. Na5 Re6 {
Urbankova,E (2150)-Lapkova,L Svetla nad Sazavou 1994 1-0 (35)}) (6. Nc3 Bd7 (
6... Bxd4 7. Bxd4 Nf6 8. Be2 O-O 9. O-O Nxd4 10. Qxd4 c5 11. Qe3 Bd7 12. h3 Re8
13. Rad1 Bc6 14. f3 Qe7 15. Bd3 d5 16. Qe1 d4 17. Nb5 a6 18. Na3 b5 19. c3 c4
20. e5 Qxe5 21. Qxe5 {Flynn,J-Snuske,R Lansing 1993 0-1 (38)}) 7. Nxc6 Bxc6 8.
Bxc5 dxc5 9. Qxd8+ Rxd8 10. Bc4 Nf6 11. f3 O-O 12. O-O Rd2 13. Rf2 Rfd8 14.
Rxd2 Rxd2 15. Bd3 b5 16. Rc1 c4 17. Bf1 b4 18. Nd1 Ba4 19. b3 cxb3 20. axb3 Bc6
{Dudzik,L-Mazur,G Kolobrzeg 2001 1-0 (40)}) (6. Nxc6 Qh4 7. Nd4 Nf6 8. Nf3 Qxe4
9. Bd3 Qe7 10. Qe2 Bxe3 11. Qxe3 Qxe3+ 12. fxe3 O-O 13. O-O Re8 14. Re1 Nd5 15.
e4 Nf4 16. Nc3 Bg4 17. Nd5 Ne6 18. c3 a5 19. Nd4 Nc5 20. Bc2 Rac8 {
Quattordio,J-Garcia,R Duisburg 1992 1-0}) (6. Nxc6 $142 bxc6 7. Bxc5 dxc5 8.
Qxd8+ Kxd8 9. Nd2 $18) 6... Qe7 $4 (6... Qh4 $5 7. Bb5 Bxa3 (7... Qxe4 $143 8.
O-O Bd7 9. Bd3 $11) 8. bxa3 Qxe4 $15) 7. Bb5 $4 (7. Nxc6 $142 bxc6 8. Bxc5 dxc5
9. Bd3 $18) 7... Bd7 $11 8. O-O Nf6 (8... Bxa3 $142 9. bxa3 Nf6 10. Nxc6 Bxc6
11. Bxc6+ bxc6 $11) 9. Qf3 $4 (9. Nxc6 $142 bxc6 10. Bxc5 cxb5 11. e5 dxc5 12.
exf6 Qxf6 13. Qd5 $14) 9... Qxe4 (9... Nxd4 $142 10. Bxd4 Bxd4 11. Bxd7+ Nxd7
$19) 10. Qxe4+ Nxe4 11. Rfe1 O-O (11... Bxd4 $143 12. Bxc6 Bxc6 13. Bxd4 $17) (
11... Nxd4 $4 12. Bxd4 Bxd4 13. Rxe4+ Be5 14. f4 $18) 12. Nc4 $4 (12. Nxc6 bxc6
13. Bf1 Rfb8 $19) 12... Nf6 (12... Nxd4 13. Bxd4 Bxb5 14. Rxe4 $19) 13. Rad1 $4
(13. Nxc6 bxc6 14. Ba6 Bxe3 15. Nxe3 Rfb8 $19) 13... a6 (13... Nxd4 14. Bxd4
Bxb5 15. Bxc5 Bxc4 16. Bd4 Bxa2 17. Bxf6 gxf6 18. b3 $19) 14. Ba4 $4 (14. Bxc6
bxc6 (14... Bxc6 $143 15. Nxc6 bxc6 16. Bxc5 dxc5 17. Ne5 $16) 15. Ne2 Bxe3 16.
Nxe3 Rfe8 $19) 14... b5 (14... Nxd4 15. Bxd4 Bxa4 16. Bxc5 dxc5 17. Ne3 $19)
15. Bb3 (15. Nxc6 Bxc6 16. Na5 $19) 15... bxc4 (15... Bxd4 16. Bxd4 Nxd4 17.
Rxd4 bxc4 18. Bxc4 $19) 16. Bxc4 (16. Nxc6 Bxc6 17. Bxc4 Bxe3 18. Rxe3 Bb5 $19)
16... Nxd4 (16... Ne5 17. Bf1 $19) 17. Bxd4 Bxd4 18. Rxd4 Rfe8 19. Kf1 (19.
Rxe8+ Rxe8 20. Rd1 a5 $19) 19... Rxe1+ (19... Be6 20. Bxe6 fxe6 21. f4 $19) 20.
Kxe1 Bb5 (20... Bc6 21. Be2 $19) 21. Bb3 (21. Bxb5 axb5 22. a3 d5 $19) 21...
Re8+ 22. Kd2 (22. Kd1 c5 23. Rf4 Kf8 $19) 22... Re4 (22... Re2+ $5 23. Kc1 Rxf2
24. c4 $19) 23. Kc3 (23. Rxe4 Nxe4+ 24. Ke1 Nf6 $19) 23... Rxd4 (23... Re5 $142
$5 24. Bc4 Ne4+ 25. Kb3 Bxc4+ 26. Kxc4 Nxf2 27. Rd2 $19) 24. Kxd4 Ng4 25. c4 (
25. a3 Nxf2 26. c4 Bc6 $19) 25... Bc6 26. Bd1 Nf6 (26... Nxh2 27. g3 $19) 27.
b3 (27. g3 Kf8 $19) 27... a5 (27... Bxg2 $142 28. b4 $19) 28. a3 (28. f3 Nd7
$19) 28... Kf8 (28... Bxg2 29. b4 axb4 30. axb4 $19) 29. b4 {White plans c5} (
29. g3 Bb7 $19) 29... axb4 30. axb4 Ke7 (30... Bxg2 31. f3 $19) 31. b5 (31. g3
Bb7 $19) 31... Bb7 (31... Bxg2 $142 32. Ke3 $19) 32. c5 (32. f3 $19) 32...
dxc5+ 33. Kxc5 Ne4+ 34. Kb4 Nxf2 35. Bf3 (35. Bc2 h6 36. g3 $19) 35... Bxf3 36.
gxf3 g5 37. Kc5 f5 {Black prepares the advance g4} 38. Kc6 g4 39. Kxc7 Nd3 40.
b6 Nc5 41. Kc6 Nd7 42. b7 gxf3 43. Kc7 (43. Kd5 f2 44. h3 f4 45. h4 f1=Q 46.
Kd4 f3 47. h5 f2 48. b8=Q Nxb8 49. h6 Qe2 50. Kc3 f1=Q 51. Kd4 Qf4+ 52. Kc3
Qfc4#) 43... f2 44. b8=Q (44. b8=R Nxb8 45. Kb6 f1=Q 46. Kc5 Qf4 47. h3 Kd7 48.
h4 Nc6 49. Kb6 Qb4+ 50. Ka6 Qa5+ 51. Kb7 Qa7#) 44... Nxb8 45. Kxb8 f1=Q 46. h4
Qa6 47. h5 Kd7 48. h6 Qc6 49. Ka7 Qb5 50. Ka8 Kc7 51. Ka7 Qa5# 0-1

[Event "Washington Class"]
[Site "?"]
[Date "1992.11.27"]
[Round "1"]
[White "Sprayberry, D."]
[Black "Bailey, B."]
[Result "1-0"]
[WhiteElo "1997"]
[BlackElo "1878"]
[Annotator "Stockfish 14 (15s)"]
[PlyCount "51"]

{D00: 1 d4 d5: Unusual lines} 1. d4 d5 2. e3 e6 3. Bd3 Nf6 4. Nd2 c5 5. c3 Nc6
6. f4 Bd7 7. Ngf3 c4 (7... cxd4 8. exd4 Nh5 9. Nb3 Bd6 10. Ne5 Qh4+ 11. g3 Nxg3
12. Nf3 Qh5 13. Rg1 Ne4 14. Be3 O-O-O 15. Qe2 f5 16. Rxg7 Rhg8 17. Rxg8 Rxg8
18. O-O-O Qh3 19. Rg1 Rg4 20. Rxg4 Qxg4 21. Ne5 Qxe2 22. Bxe2 {
Momirovic,M (2104)-Arandjelovic,A (2151) Belgrade 2003 0-1 (56)}) (7... Be7 8.
O-O O-O 9. Ne5 Qc7 10. Rf3 h6 11. Rg3 c4 12. Bc2 b5 13. a3 a5 14. Rh3 b4 15. g4
b3 16. Bb1 Nxe5 17. dxe5 Ne8 18. g5 g6 19. Rxh6 Ng7 20. Qg4 Qb6 21. Nf3 Nf5 22.
Bxf5 {Sushko,V-Avramenko,A Kiev 2004 1-0 (35)}) 8. Bc2 b5 $146 (8... Bd6 9. O-O
Qc7 10. Ne5 Ng8 11. Rf3 f6 12. Nxd7 Qxd7 13. Rh3 Nh6 14. e4 Bxf4 15. exd5 exd5
16. Nf3 Bxc1 17. Rxc1 O-O-O 18. b3 Nf5 19. Nh4 Nxh4 20. Rxh4 g6 21. Qf3 f5 22.
Rh5 Qe7 23. Rh3 {Hutchings,C-Sutter,P Westland 1985 0-1 (57)}) (8... Be7 9. O-O
g6 10. Ne5 Kf8 11. Qf3 Kg7 12. g4 h5 13. g5 Ne8 14. e4 Nc7 15. exd5 exd5 16. h4
Bd6 17. Nxd7 Qxd7 18. f5 Rhf8 19. Re1 Rae8 20. Rxe8 Nxe8 21. Nf1 Kh8 22. Ne3
Ng7 23. Nxd5 {Sele,A (1441)-Mogstad,O (1920) Molde 2001 1-0 (38)}) (8... Ng4 9.
Qe2 f5 10. Ne5 Ngxe5 11. fxe5 $11) 9. O-O (9. Ne5 $5 $16) 9... Ng4 $14 10. Qe2
f5 11. Ne5 Nf6 12. h3 (12. b3 Be7 $14) 12... Be7 13. g4 Ne4 (13... Nxe5 $5 14.
dxe5 Ne4 $11) 14. gxf5 $16 Nxe5 $2 (14... exf5 $142 15. Nxe4 fxe4 16. Qh5+ g6
17. Nxg6 Rg8 18. Qxh7 Be6 $14) 15. Nxe4 $18 (15. fxe5 exf5 16. Nxe4 fxe4 $15)
15... Nf7 (15... Nd3 16. Qh5+ Kf8 17. fxe6 Bxe6 18. Nf2 $18) 16. fxe6 Bxe6 17.
Nf2 Qd7 (17... Bd7 18. Ng4 Nd6 19. f5 $18) 18. e4 dxe4 (18... g6 19. Ng4 dxe4
20. Bxe4 $18) 19. Bxe4 Rc8 20. Ng4 (20. Re1 Nd6 21. Bg2 Bf5 $18) 20... h5 (
20... Bf5 21. Ne5 Qe6 22. d5 $18) 21. Ne5 Nxe5 22. fxe5 (22. dxe5 $6 Bxh3 23.
Bg6+ Kf8 $14) 22... Kd8 (22... Bxh3 23. Bg6+ Kd8 $18) 23. d5 $1 Bc5+ (23...
Bxd5 24. Rd1 {Combination}) 24. Be3 (24. Kh2 $142 Bxh3 25. d6 $18) 24... Bxe3+
(24... Bxh3 25. Rf2 Qg4+ 26. Qxg4 Bxg4 27. Bxc5 Rxc5 $18) 25. Qxe3 Bxh3 26. e6
(26. e6 Qd6 27. Qxh3 $18) 1-0

[Event "Washington Class"]
[Site "?"]
[Date "1992.11.27"]
[Round "2"]
[White "Bailey, B."]
[Black "Dietsch, K."]
[Result "1/2-1/2"]
[WhiteElo "1878"]
[BlackElo "1820"]
[Annotator "Stockfish 14 (15s)"]
[PlyCount "110"]

{C40: Latvian and Elephant Gambits} 1. e4 e5 2. Nf3 d5 3. Nxe5 dxe4 4. Bc4 Qg5
5. d4 Qxg2 6. Rf1 f6 $146 (6... Bh3 7. Qh5 g6 8. Nxg6 Qxg6 9. Qxh3 Nd7 10. Bf4
O-O-O 11. Nc3 Bb4 12. O-O-O Bxc3 13. Qxc3 Qf6 14. Bg3 c6 15. Qa5 {
1-0 (15) Antollovich,A (2090)-Vallejos,O Buenos Aires 2000}) (6... Nf6 7. Bxf7+
(7. Bf4 Bd6 8. Nc3 O-O 9. Qd2 Nc6 10. O-O-O Na5 11. Be2 Bxe5 12. Bxe5 Ng4 13.
Rg1 Qh3 14. Nxe4 Nxe5 15. dxe5 Nc6 16. Rxg7+ Kh8 17. Qg5 Qf5 18. Qh6 Be6 19.
Nf6 Qxc2+ 20. Kxc2 Bf5+ 21. Kc3 Nxe5 {
Tomkins,K (2290)-Rasmussen,E Seattle 1988 1-0}) 7... Ke7 8. b3 Nbd7 9. Ba3+ Kd8
10. Bc4 Ke8 11. Bf7+ Kd8 12. Be6 Bxa3 13. Nxa3 Re8 14. Bf7 Re7 15. Qd2 e3 16.
fxe3 Qxd2+ 17. Kxd2 Nxe5 18. dxe5 Rxe5 19. Rae1 b5 20. b4 a5 21. bxa5 {
Forchert,M (2225)-Buecker,S (2355) Bad Godesberg 1991 0-1 (34)}) (6... Be6 7.
Qe2 Nd7 8. Bxe6 fxe6 9. Nxd7 Kxd7 10. Qb5+ Kd8 11. Qxb7 Rc8 12. Be3 Nf6 13. Nd2
Bd6 14. O-O-O Bxh2 15. Nb3 Ke7 16. Na5 h5 17. c4 Kf7 18. Nc6 Ng4 19. d5 exd5
20. cxd5 Rhf8 21. Bc5 {Garzon,E-Daneri,M (2196) Buenos Aires 2004 0-1}) (6...
Nd7 7. Nxf7 Nb6 8. Nxh8 Nxc4 9. Qh5+ Kd8 10. Qf7 Bb4+ 11. c3 Nd6 12. Qxg8+ Ke7
13. Qd5 Bg4 14. Bg5+ Kd7 15. cxb4 Qf3 16. Nc3 Rxh8 17. Qe5 Re8 18. Qf4 Qh3 19.
Qg3 Qh5 20. Qh4 Qxh4 21. Bxh4 {Fierz,M-Cavaletto,M Zuerich 1989 1-0 (41)}) 7.
Nf7 (7. Qh5+ g6 8. Bf7+ Ke7 9. Bxg6 hxg6 10. Nxg6+ Kd8 11. Nxh8 Bh3 $14) 7...
Bg4 $11 8. Qd2 b5 (8... Nc6 9. Nc3 Rd8 10. f3 exf3 11. Nxh8 Nxd4 12. Rf2 Qh1+
13. Rf1 $11) 9. Bb3 (9. Bd5 $142 Ne7 10. Bxa8 Kxf7 11. f3 Bxf3 12. Qxg2 Bxg2
13. Rg1 $16) 9... Nh6 $4 (9... Nc6 $142 10. f3 exf3 $15) 10. Nxh8 $18 (10. Nxh6
$6 gxh6 11. Qc3 Nd7 $11) 10... Bd6 $4 (10... Nf5 11. f3 exf3 12. Qxg2 fxg2 $18)
11. f3 exf3 12. Qxg2 fxg2 13. Rg1 Bh3 (13... Nf5 14. Rxg2 Bf3 15. Rf2 Nxd4 16.
Bf7+ Ke7 17. c3 $18) 14. Bxh6 gxh6 (14... Bxh2 15. Be3 Bxg1 16. Bxg1 $18) 15.
Kf2 Bxh2 16. Rxg2 Bxg2 17. Kxg2 Bf4 (17... Nc6 18. Nc3 Nxd4 19. Kxh2 Nxb3 20.
Re1+ Kd7 21. Rd1+ Ke6 22. Nxb5 Rxh8 23. axb3 $18) 18. Kf3 (18. Nc3 Nc6 19. Re1+
Kf8 $18) 18... Bc1 (18... Bg5 19. Na3 Nc6 20. c3 $18) 19. Nc3 Bxb2 20. Re1+ Kf8
(20... Kd7 21. Be6+ Kc6 22. Bd5+ Kb6 23. Bxa8 Bxc3 24. Re6+ Ka5 25. Ke3 $18)
21. Nxb5 Na6 (21... Nc6 22. Bd5 $18) 22. Rb1 (22. Rg1 $142 $5 Re8 23. Rg8+ Ke7
24. Rg7+ Kd8 25. Nf7+ Kc8 $18) 22... c6 23. Rxb2 cxb5 24. Nf7 h5 25. Rb1 Rc8 (
25... Nc7 26. Nd6 $18) 26. Nd6 Rc3+ 27. Kf4 Nc7 28. Rg1 a5 (28... Rc6 29. Rg8+
Ke7 30. Nf5+ Kd7 31. Rg7+ Kd8 32. d5 $18) 29. Rg8+ Ke7 30. Ne4 Rh3 (30... Rxb3
31. cxb3 Nd5+ 32. Kf3 $18) 31. Rg7+ Kd8 32. Nxf6 a4 33. Bg8 h4 34. Ne4 Rh2 (
34... Rh1 35. Rxh7 h3 36. Ke5 $18) 35. c3 h3 36. Rg3 (36. Rxh7 $142 Rg2 37. Bf7
h2 $18) 36... h5 (36... Rh1 37. Nf2 Rf1 38. Kf3 $18) 37. Kf3 (37. Bf7 Rh1 38.
Bxh5 h2 $18) 37... h4 (37... Rh1 38. Rg5 $18) 38. Rg4 Rc2 (38... Rh1 39. Rxh4
Rf1+ 40. Kg4 Rg1+ 41. Ng3 Rc1 42. Rxh3 Rxc3 $18) 39. Rxh4 h2 40. Kg3 (40. Rh8
$142 $5 Rc1 41. Rxh2 Rg1 $18) 40... Re2 41. Bh7 (41. Kf3 $5 Rb2 $18) 41... Rxa2
42. Rxh2 Ra1 (42... Rxh2 43. Kxh2 Kd7 44. Nc5+ Kc6 45. Be4+ Kd6 $18) 43. Bg8
Rc1 (43... Rg1+ 44. Rg2 Rf1 45. Ba2 $18) 44. Kf3 Na6 (44... a3 45. Ba2 Rd1 46.
Ke3 $18) 45. Rh6 Nc7 46. Ba2 Ra1 (46... Rf1+ 47. Ke3 Rd1 48. Rh8+ Ke7 49. Rh7+
Kd8 50. Nc5 $18) 47. Rh2 Na6 (47... a3 48. d5 b4 49. cxb4 $18) 48. Rh6 (48. d5
Rf1+ 49. Ke3 Re1+ 50. Kd4 Rd1+ 51. Ke5 Kc7 52. d6+ Kc6 $18) 48... Nc7 49. Rd6+
(49. Rh2 $142 $5 Rd1 50. Ke2 Ra1 $18) 49... Ke7 50. Bg8 Rf1+ (50... a3 51. Rc6
Kd8 52. Bb3 $18) 51. Ke2 Rf4 52. Ke3 $4 (52. Kd3 $142 Rf3+ 53. Kc2 $18) 52...
Rxe4+ $11 53. Kxe4 Kxd6 54. Kd3 Na6 55. c4 bxc4+ 1/2-1/2

[Event "Washington Class"]
[Site "?"]
[Date "1992.11.28"]
[Round "3"]
[White "Rodrigues, L."]
[Black "Bailey, B."]
[Result "0-1"]
[WhiteElo "1993"]
[BlackElo "1878"]
[Annotator "Stockfish 14 (15s)"]
[PlyCount "86"]

{A25: English Opening vs King's Indian with ...Nc6 but without early d3} 1. c4
e5 2. Nc3 Nf6 3. g3 Nc6 4. Bg2 Be7 5. Nf3 O-O 6. d3 d5 7. cxd5 Nxd5 8. Nxd5
Qxd5 9. O-O Qe6 $146 (9... h6 10. e4 Qb5 11. a4 Qa6 12. b3 Rd8 13. Ne1 Be6 14.
f4 f6 15. Be3 Nd4 16. Bxd4 Rxd4 17. Rf3 Rad8 18. Qc2 Qb6 19. Kh1 Bxb3 20. Qe2
Rxa4 21. Rxa4 Bxa4 22. fxe5 fxe5 23. d4 Rxd4 24. Qa2+ {
Otene,E-Richards,D Bled 2002 0-1}) 10. b3 Nb4 (10... Nd4 11. Bb2 Rd8 12. Rc1
$11) 11. Bb2 $14 f6 (11... Nc6 12. Nd2 $14) 12. a3 Nd5 (12... Nc6 13. b4 $14)
13. Qc2 (13. e4 Nb6 14. d4 exd4 15. Nxd4 Qf7 $16) 13... c6 (13... c5 $5 14. e4
Nc7 $14) 14. e4 $16 Nc7 15. d4 exd4 16. Nxd4 Qf7 17. Rad1 (17. Rfe1 $16) 17...
Be6 $2 (17... Nb5 18. Nxb5 cxb5 19. b4 $14) 18. f4 (18. Nxe6 Nxe6 19. Rfe1 Rfd8
$18) 18... Rad8 19. f5 (19. Nxe6 $5 Nxe6 20. b4 $16) 19... Bc8 20. Rf3 c5 21.
Bf1 (21. b4 b6 22. Nc6 Rxd1+ 23. Qxd1 cxb4 24. axb4 Bd7 25. Nxe7+ Qxe7 26. Qb3+
Qf7 $16) 21... Kh8 $14 22. Nb5 (22. Rfd3 Bd7 $11) 22... Rxd1 23. Qxd1 Nxb5 24.
Bxb5 Rd8 25. Rd3 Qf8 26. a4 Rxd3 27. Qxd3 Qd8 28. Kf2 Qxd3 29. Bxd3 Kg8 30. Bc1
(30. Kf3 b6 $14) 30... Bd6 $11 31. Kf3 Kf7 32. h4 b6 33. g4 h6 34. Bf4 Ke7 35.
g5 hxg5 36. hxg5 Bxf4 37. Kxf4 Kd6 38. Kg4 $4 (38. gxf6 $142 gxf6 39. e5+ fxe5+
40. Kg5 $11) 38... Ke5 $19 39. Kh5 (39. gxf6 gxf6 40. Kf3 Kd4 $19) 39... fxg5
40. Kxg5 (40. Kg6 g4 41. Kxg7 $19) 40... Bb7 41. Kg6 Bxe4 42. Bc4 Bxf5+ 43.
Kxg7 Be6 0-1

[Event "Washington Class"]
[Site "?"]
[Date "1992.11.28"]
[Round "4"]
[White "Bailey, B."]
[Black "Allen, R."]
[Result "0-1"]
[WhiteElo "1878"]
[BlackElo "1831"]
[Annotator "Stockfish 14 (15s)"]
[PlyCount "128"]

{B72: Sicilian Dragon: 6 Be3, lines with h3+Bc4 and sidelines} 1. e4 c5 2. Nf3
d6 3. d4 cxd4 4. Nxd4 Nf6 5. Nc3 g6 6. Bc4 Bg7 7. f3 Nc6 8. Nxc6 (8. Nde2 Bd7
9. Be3 O-O 10. Nf4 Qa5 11. O-O Rfc8 12. Qe2 e6 13. Bb3 Ne5 14. Rad1 Ne8 15. a4
a6 16. Qf2 Nc4 17. Bxc4 Rxc4 18. Bb6 Qg5 19. Nfe2 Qe7 20. Rd3 Rac8 21. a5 f5
22. exf5 gxf5 {Lanka,Z (2545)-Koch,J (2450) Lyon 1993 1/2-1/2}) (8. Nb3 a6 9.
a4 Bd7 10. Be3 Na5 11. Nxa5 Qxa5 12. O-O O-O 13. Kh1 Rac8 14. Bd3 Bc6 15. Ne2
Nd7 16. c3 Ne5 17. b4 Qc7 18. Bc2 b5 19. a5 Nc4 20. Bd4 e5 21. Bg1 Rfd8 22. Qc1
d5 {Kazarian,A-Kachan,V Kiev 2006 0-1 (64)}) 8... bxc6 9. Be3 Qa5 $146 (9... a5
10. Bb3 Be6 11. Qe2 O-O 12. O-O Qc7 13. Rad1 Rfd8 14. Bxe6 fxe6 15. Na4 c5 16.
Qc4 Kf7 17. b3 Qc6 18. Rf2 Qa6 19. Qxa6 Rxa6 20. Nxc5 Rc6 21. Nd3 Nd7 22. c4 a4
23. Rc2 Rdc8 24. f4 {Tikhomirov,S (2435)-Minescu,O (2180) Eforie Nord  1998 1-0
}) 10. O-O O-O 11. Qd2 Rb8 (11... Nd7 12. Bb3 $11) 12. Bb3 (12. Nd5 Qd8 13.
Nxf6+ Bxf6 $11) 12... Be6 (12... Ba6 13. Rfe1 Rb7 14. Bh6 $15) 13. Rab1 (13.
Nd5 Qxd2 14. Nxe7+ Kh8 15. Bxd2 Rb6 $11) 13... Rfd8 $11 14. Ne2 (14. Bxe6 $5
fxe6 15. Qe1 $11) 14... Qxd2 $15 15. Bxd2 d5 (15... Bc8 16. Ba5 Re8 17. Nd4 $15
) 16. e5 Nd7 17. f4 $2 (17. Nd4 $142 $5 Nxe5 18. Nxe6 fxe6 19. Bf4 $15) 17...
c5 $19 18. c3 $4 (18. Ba5 $142 Rdc8 19. Ba4 $17) 18... Bf5 19. Rbe1 (19. Ra1 c4
20. Nd4 cxb3 $19) 19... c4 20. Bd1 (20. Ba4 Rxb2 21. Be3 Rxa2 22. Bxd7 Bxd7 $19
) 20... Rxb2 21. Be3 Rxa2 22. Nd4 Bd3 23. Rf2 Rxf2 (23... Ra6 $142 24. Bf3 e6
25. g4 $19) 24. Kxf2 Nc5 (24... e6 $142 25. Nc6 Ra8 26. Nb4 $19) 25. Nc6 $4 (
25. Bf3 Be4 26. Ra1 $19) 25... Ne4+ 26. Kf3 Rd7 27. Bd4 e6 28. Ke3 (28. Nb4 Bf8
29. Nxd3 cxd3 $19) 28... Rb7 (28... Bf8 $142 29. Bf3 Nc5 30. Ra1 $19) 29. Nb4
Bf8 (29... Rxb4 $142 $5 30. cxb4 Bf8 31. b5 $19) 30. Nxd3 cxd3 31. Kxd3 Rb2 32.
Re2 Rxe2 $4 (32... Rb1 $142 33. Kc2 Rb7 $19) 33. Bxe2 $11 Nc5+ 34. Bxc5 (34.
Kc2 $5 $11) 34... Bxc5 $17 35. g4 $2 (35. Kd2 $142 $17) 35... Bg1 $19 36. h3
Bh2 $4 (36... a5 $142 $19) 37. Ke3 $15 g5 38. fxg5 Bxe5 39. c4 dxc4 40. Bxc4
Bg3 41. Kf3 Be1 42. Ke3 a5 43. Bb5 $4 (43. Bb3 $142 $15) 43... Kg7 $19 44. Bc6
(44. Kf3 Bd2 $19) 44... Kg6 45. Be4+ (45. Be8 $19) 45... Kxg5 46. Bxh7 (46. Ke2
Bb4 47. Bf3 $19) 46... a4 47. Kd3 f6 48. Bg8 e5 49. Ke2 Bg3 50. Kf3 Bf4 51. Bf7
Kh4 52. Kg2 e4 53. Be6 a3 54. Bd5 e3 55. Be6 Be5 56. Kf3 Bd4 57. Ke2 Kg3 58.
Kf1 Be5 59. Ke2 Bf4 60. Kf1 Bg5 61. Ke2 Kxh3 62. Kf3 Kh2 63. Bc4 Kg1 64. Ke2
Kg2 0-1